1783 1543 1691 1491 1840 1769 1392 1383 1432 1516 1924 1147 1443 1449 1423 1971 1481 1463 1215 1417 1328 1355 1064 1542 1101 1798 1103 1244 1441 1113 1937 1069 1598 1589 1486 1869 1192 1535 1962 1754 1134 1087 1496 1786 1024 1800 1983 1378 1401 1394 1974 1702 1486 1423 1314 1511 1728 1688 1930 1161 1372 1915 1831 1936 1260 1118 1593 1401 1057 1527 1001 1821 1636 1955 1983 1520 1076 1710 1728 1138 1976 1223 1076 1647 1449 1505 1212 1181 1836 1414 1250 1172 1368 1234 1528 1084 1629 1071 1932 BCNSPRNW ULIB Ver.6.0+V

เปลี่ยนเป็นภาษาไทย

Change to English
 แสดงรายละเอียดบรรณานุกรม
  กลับหน้าหลัก

Brief Record : Get Marc (ISO 2709) : E-mail record : QR code < ปิดหน้าต่าง
LEADER : 00000nam 2200000uu 4500
001    13399113433
003     ULIB
008    111116s2554||||th 000 0 tha d
020    ^a9786167014166
060 04 ^aWT104^bอ445
100 1  ^aRoizen, Michael F.
245 10 ^aYou :^bthe owner s manual= สุขภาพดี คุณสร้างได้/^cbyMichael F. Roizen and Mehmet C.
260    ^aกรุงเทพฯ :^bอินสปายร์,^c2554
300    ^a399 หน้า. :^bภาพ. ;^c24 cm.
650  2 ^aHealth
650  2 ^aPhysiological Processes
650  2 ^aHealth Behavior
650  2 ^aNutritional Physiological Phenomena
650  2 ^aLongevity
700 1  ^aOz, Mehmet C.
700    ^a นุชนาฎ เนตรประเสริฐศรี,ผู้แปล
700    ^a ปรีชา เมฆานันท์, ผู้แปล
945    ^p295^l0^i030696
945    ^p295^l0^i030697
945    ^p295^l0^i030698
995    ^a เกษร
999 ^a ใช้งานได้ทุกระบบ
รายการนี้ยังไม่มีแท็ก
คุณยังไม่ได้ล็อกอิน คุณสามารถมีกิจกรรมร่วมกับเว็บไซต์ได้ แต่ต้องล็อกอินก่อน ::
  ล็อกอิน

รายการสื่อสารสนเทศ

ลำดับที่ ประเภท เลขเรียก/บาร์โค้ด สถานที่ สถานะ
1. วิทยาศาสตร์การแพทย์ และสุขภาพ
วิทยาศาสตร์การแพทย์ และสุขภาพ
WT104 อ445 ฉ.2 
  Barcode: 030697
ห้องสมุดวิทยาเขตสวรรค์ประชารักษ์
►ส่วนจัดเก็บหนังสือเก่า สปร
บนชั้น
  ขอยืม

รายการใกล้เคียง
    ผู้แต่ง [Roizen, Michael F.]

    หัวเรื่อง [Health]
    หัวเรื่อง [Physiological Processes]
    หัวเรื่อง [Health Behavior]
    หัวเรื่อง [Nutritional Physiological Phenomena]
    หัวเรื่อง [Longevity]

BibComment


ยังไม่เคยถูกคอมเมนท์

คอมเมนท์ทรัพยากรรายการนี้
  คอมเมนท์: You the owner s..


 Copyright 2026. Bcnsprnw @Library